000 00625nam a2200241Ia 4500
003 OSt
005 20220918205456.0
006 a|||||r|||| 00| 0
007 ta
008 220917b |||||||| |||| 00| 0 eng d
024 _a116,688
037 _cTextual
040 _aARTS
_cARTS
_beng
041 _2eng
_aeng
082 _aV641:1:N1, 122K2
100 _aWillequet Jacques
_9115202
245 0 _aCongo Belge et la Weltoplitik
_b 1894 - 1914
260 _c1962
300 _a499p.
_ccm.
650 _aHISTORY
942 _hV641:1:N1, 122K2
_cTEXL
_2CC
999 _c240009
_d240009